[Event "DSOL 04 Liga Gr-A 1st"]
[Site "Playchess.com INT"]
[Date "2020.07.24"]
[Round "5.3"]
[White "Schoon, Christoph"]
[Black "Gericke, Nicholas"]
[Result "0-1"]
[WhiteElo "1580"]
[BlackElo "1836"]
[PlyCount "106"]
[EventDate "2020.06.22"]
[EventType "team-tourn (rapid)"]
[EventCountry "GER"]
[SourceTitle "EXT 2021"]
[Source "ChessBase"]
[SourceDate "2020.10.23"]
[SourceVersion "1"]
[SourceVersionDate "2020.10.23"]
[SourceQuality "1"]
[WhiteTeam "Heisfelde"]
[BlackTeam "Falkensee Caissa"]
[WhiteTeamCountry "GER"]
[BlackTeamCountry "GER"]

1. d4 Nf6 2. c4 g6 3. Nf3 Bg7 4. Bf4 d6 5. e3 0-0 6. Be2 c5 7. 0-0 Na6 8. Nc3 Bf5 9. Rc1 Re8 10. h3 h6 11. Bd3 Bxd3 12. Qxd3 Nb4 13. Qd2 Nd7 14. a3 Nc6 15. Rfd1 a6 16. Ne2 Kh7 17. e4 cxd4 18. Bh2 Nc5 19. Qf4 e5 20. Qg4 Ne7 21. b4 f5 22. exf5 gxf5 23. Qh5 Ne4 24. Nd2 Nf6 25. Qf3 Rb8 26. Ng3 f4 27. Nge4 Nf5 28. c5 d5 29. Nxf6+ Bxf6 30. c6 bxc6 31. Rxc6 Nh4 32. Qh5 Rg8 33. g3 fxg3 34. Bxg3 Bg5 35. Kh1 Ng6 36. Nf3 e4 37. Nxg5+ Qxg5 38. Qxg5 hxg5 39. Bxb8 Rxb8 40. Rxd4 Rf8 41. Rxd5 Rxf2 42. Rxa6 e3 43. Kg1 Ra2 44. Kf1 Ra1+ 45. Ke2 Nf4+ 46. Kxe3 Nxd5+ 47. Kd4 Nxb4 48. Ra7+ Kg6 49. Rb7 Nc2+ 50. Kc3 Nxa3 51. Rb3 Rg1 52. Rb6+ Kh5 53. Kb4 Rb1+ 0-1

[Event "JBLN Ost 1819"]
[Site "Germany"]
[Date "2019.03.03"]
[Round "9.1"]
[White "Hesse, Henrik"]
[Black "Gericke, Nicholas"]
[Result "1-0"]
[WhiteElo "2165"]
[BlackElo "1799"]
[PlyCount "61"]
[EventDate "2018.09.29"]
[EventType "team-tourn"]
[EventRounds "9"]
[EventCountry "GER"]
[SourceTitle "CBM 189 Extra"]
[Source "ChessBase"]
[SourceDate "2019.06.03"]
[SourceVersion "1"]
[SourceVersionDate "2019.06.03"]
[SourceQuality "1"]
[WhiteTeam "Berlin Mattnetz"]
[BlackTeam "Falkensee Caissa"]
[WhiteTeamCountry "GER"]
[BlackTeamCountry "GER"]

1. c4 e5 2. g3 Nc6 3. Bg2 f5 4. Nc3 Nf6 5. d3 h6 6. Nf3 Bc5 7. 0-0 d6 8. e3 Bb6 9. a3 Be6 10. b3 g5 11. d4 e4 12. d5 exf3 13. Bxf3 Bd7 14. Bh5+ Ke7 15. dxc6 bxc6 16. Bf3 Kf7 17. Bb2 g4 18. Bg2 Re8 19. b4 a6 20. Qd2 Ne4 21. Nxe4 fxe4 22. c5 dxc5 23. bxc5 Bxc5 24. Qc3 Qg5 25. Rad1 Bd6 26. Qc4+ Be6 27. Qxe4 Rab8 28. Rd2 Bd5 29. Qh7+ Ke6 30. f4 gxf3 31. Bh3+ 1-0

[Event "JBLN Ost 1819"]
[Site "Germany"]
[Date "2018.11.03"]
[Round "3.1"]
[White "Roseneck, Jonas"]
[Black "Gericke, Nicholas"]
[Result "1-0"]
[WhiteElo "2400"]
[BlackElo "1799"]
[PlyCount "37"]
[EventDate "2018.09.29"]
[EventType "team-tourn"]
[EventRounds "9"]
[EventCountry "GER"]
[SourceTitle "CBM 189 Extra"]
[Source "ChessBase"]
[SourceDate "2019.06.03"]
[SourceVersion "1"]
[SourceVersionDate "2019.06.03"]
[SourceQuality "1"]
[WhiteTeam "Magdeburg Aufbau Elbe"]
[BlackTeam "Falkensee Caissa"]
[WhiteTeamCountry "GER"]
[BlackTeamCountry "GER"]

1. e4 g6 2. d4 d6 3. Bc4 Bg7 4. Nf3 Nf6 5. Qe2 d5 6. exd5 Nxd5 7. 0-0 Nb6 8. Bb3 0-0 9. Bg5 Re8 10. Ne5 Bxe5 11. dxe5 c6 12. e6 f5 13. Nc3 Qc7 14. Rad1 c5 15. Rd7 Qc6 16. Qe5 N8xd7 17. exd7+ c4 18. dxe8Q+ Qxe8 19. Nd5 1-0

[Event "JBLN Ost 1819"]
[Site "Germany"]
[Date "2018.09.29"]
[Round "1.1"]
[White "Gericke, Nicholas"]
[Black "Post, Hugo"]
[Result "1/2-1/2"]
[WhiteElo "1799"]
[BlackElo "2136"]
[PlyCount "125"]
[EventDate "2018.09.29"]
[EventType "team-tourn"]
[EventRounds "9"]
[EventCountry "GER"]
[SourceTitle "CBM 189 Extra"]
[Source "ChessBase"]
[SourceDate "2019.06.03"]
[SourceVersion "1"]
[SourceVersionDate "2019.06.03"]
[SourceQuality "1"]
[WhiteTeam "Falkensee Caissa"]
[BlackTeam "Reideburg 90 Halle"]
[WhiteTeamCountry "GER"]
[BlackTeamCountry "GER"]

1. Nf3 Nf6 2. c4 e6 3. g3 Be7 4. Bg2 0-0 5. Nc3 d5 6. cxd5 exd5 7. d4 Bf5 8. 0-0 Nbd7 9. Ne5 c6 10. f4 Qc8 11. h3 h5 12. e3 Nb6 13. Kh2 g6 14. Qe2 Kg7 15. Nd1 Ne4 16. Nf2 Nxf2 17. Rxf2 f6 18. Nf3 Qd7 19. Nh4 Rae8 20. Nxf5+ Qxf5 21. Bf3 Qd7 22. Rg2 Bd6 23. Qd3 Qe7 24. b3 f5 25. Bd2 Nd7 26. Re1 Rh8 27. Kg1 Ref8 28. Kf2 Nf6 29. Reg1 Qe6 30. Ke1 Ne4 31. Bxe4 fxe4 32. Qe2 Qxh3 33. g4 hxg4 34. Rxg4 Rh6 35. R1g3 Qh1+ 36. Rg1 Qh3 37. R1g3 Qh1+ 38. Rg1 Qh5 39. Rxg6+ Qxg6 40. Rxg6+ Rxg6 41. Qf2 Rh8 42. Kd1 Rh3 43. b4 Rhg3 44. a3 a5 45. bxa5 Bxa3 46. f5 Rf3 47. Qh2 Bd6 48. Qh5 Rf6 49. Qg5+ Kf7 50. Qh5+ Ke7 51. Qh7+ Rf7 52. Qg8 R3xf5 53. Qc8 Kf6 54. a6 bxa6 55. Qxc6 Ke6 56. Qxa6 Rf1+ 57. Kc2 Rc7+ 58. Bc3 Rf3 59. Kd2 Rf2+ 60. Ke1 Rh2 61. Qa4 Bg3+ 62. Kd1 Rh1+ 63. Kc2 1/2-1/2

[Event "GER-ch U12"]
[Site "Oberhof"]
[Date "2012.05.29"]
[Round "5"]
[White "Gericke, Nicholas"]
[Black "Simon, Tessa"]
[Result "0-1"]
[WhiteElo "1188"]
[BlackElo "1438"]
[PlyCount "36"]
[EventDate "2012.05.27"]
[EventType "swiss"]
[EventRounds "11"]
[EventCountry "GER"]
[SourceTitle "CBM 148 Extra"]
[Source "ChessBase"]
[SourceDate "2012.06.22"]
[SourceVersion "1"]
[SourceVersionDate "2012.06.22"]
[SourceQuality "1"]

1. e4 c5 2. Nf3 Nc6 3. d4 cxd4 4. Nxd4 Nf6 5. Nc3 e5 6. Nf3 Bb4 7. Bd2 Bxc3 8. Bxc3 Nxe4 9. Bxe5 Nxe5 10. Nxe5 Qa5+ 11. c3 Qxe5 12. Qe2 d6 13. 0-0-0 0-0 14. Rd3 Qf4+ 15. Kb1 Nxf2 16. b3 Bf5 17. Kb2 Nxd3+ 18. Ka3 Rae8 0-1